Дело по подписке санкт-петербургского первой гильдии купеческого сына Алексея Николаева Тарасова о переделках по Каменноостровск...

Доступно только в Электронных читальных залах Найти на картеНа карте
RUSMARC
00003942nmc2a22000003x 450
001c62a3668-7dbd-46eb-bf0d-e42932df61ea
00520181221181301.0
100##$a20170621l18441844k l0rusy0189 ca
1010#$arus
102##$aRU
2001#$aДело по подписке санкт-петербургского первой гильдии купеческого сына Алексея Николаева Тарасова о переделках по Каменноостровскому театру, с 15 сентября 1844 года, за 800 рублей серебром
$j24 августа - 15 сентября 1844 г.
251##$cДело
300##$aПо Санкт-Петербургской дирекции
300##$aНа бланке обложки указано: "Дело по Конторе императорских санкт-петербургских театров"
801#0$aRU
$bРГИА
$c20170621
$gRCR
801#1$aRU
$bГлавНИВЦ
$c20170621
$2rusmarc
801#2$aRU
$bПБ им. Б.Н. Ельцина
$c20181221
$gRCR
$2rusmarc
850##$aРГИА
852##$aРГИА
$eФедеральное казенное учреждение "Российский государственный исторический архив" (РГИА)
$j10005
937##$hРГИА
$d12242139
$aASBIBLIO_SCAN
462#0$1001dd3991dc-24e1-42ec-8838-ca4255420416
$12001
$a1746-1850 гг.
$1251
$cОпись
$1852
$j1
461#0$10019264ebf8-de62-4f1a-9eb4-9f22098dbbd5
$12001
$aДирекция императорских театров МИДв
$1251
$cФонд
$1852
$j497
215##$a14 л.
$d36,5х26 см
$cчерт.
371##$aДокумент не является опубликованным и широко распространяемым
105##$aa###
1222#$ad
035##$ac62a3668-7dbd-46eb-bf0d-e42932df61ea
856##$uhttp://readingroom.main.prlib.ru/item.aspx?id_node=n122175187&mode=full
Формат отображения